| 000 | 02630cam a22003974a 4500 | ||
|---|---|---|---|
| 001 | 6271264 | ||
| 003 | OSt | ||
| 005 | 20210806113817.0 | ||
| 008 | 070807s2008 njua b 001 0 eng | ||
| 010 | _a 2007026764 | ||
| 020 | _a8131704408 | ||
| 035 | _a(OCoLC)ocn145944460 | ||
| 035 | _a(OCoLC)145944460 | ||
| 035 | _a(NNC)6271264 | ||
| 038 | _akhadija | ||
| 040 |
_aDLC _cDLC _dBAKER _dC#P _dYDXCP _dOrLoB-B |
||
| 050 | 0 | 0 |
_aQA76.73.C153 _bD45 2008 |
| 082 | 0 | 0 |
_a005.133 _222 _bDEI |
| 100 | 1 |
_aDeitel _981307 |
|
| 245 | 1 | 0 |
_aC++ How to Program \ _cP.J. Deitel, H.M. Deitel. |
| 250 | _a5th ed. | ||
| 260 |
_aIndia _bPearson Prentice Hall, _cc2006. |
||
| 300 |
_axlix, 1429 p. : _bill. (some col.) ; _c24 cm. + _e1 CD-ROM (4 3/4 in.). |
||
| 490 | 1 | _aHow to program series | |
| 500 | _aPrevious ed.: H.M. Deitel's name appeared first on t.p. | ||
| 504 | _aIncludes bibliographical references (p. [1390]-1395) and index. | ||
| 505 | 0 | 0 |
_g1. _tIntroduction to computers, the Internet and the World Wide Web -- _g2. _tIntroduction to C++ programming -- _g3. _tIntroduction to classes and objects -- _g4. _tControl statements : part 1 -- _g5. _tControl statements : part 2 -- _g6. _tFunctions and an introduction to recursion -- _g7. _tArrays and vectors -- _g8. _tPointers and pointer-based strings -- _g9. _tClasses : a deeper look, part 1 -- _g10. _tClasses : a deeper look, part 2 -- _g11. _tOperator overloading; string and array objects -- _g12. _tObject-oriented programming : inheritance -- _g13. _tObject-oriented programming : polymorphism -- _g14. _tTemplates -- _g15. _tStream input/output -- _g16. _tException handling -- _g17. _tFile processing -- _g18. _tClass string and string stream processing -- _g19. _tSearching and sorting -- _g20. _tData structures -- _g21. _tBits, characters, C strings and structs -- _g22. _tStandard template library (STL) -- _g23. _tGame programming with Ogre -- _g24. _tBoost libraries, technical report I and C++0x -- _g25. _tOther topics -- _gA. _tOperator precedence and associativity chart -- _gB. _tASCII character set -- _gC. _tFundamental types -- _gD. _tNumber systems -- _gE. _tC legacy code topics -- _gF. _tPreprocessor -- _gG. _tATM case study code -- _gH. _tUML 2 : additional diagram types -- _gI. _tUsing the Visual Studio Debugger -- _gJ. _tUsing the GNU C++ Debugger. |
| 563 | _apaper back | ||
| 650 | 0 |
_aC++ (Computer program language) _91810 |
|
| 700 | 1 |
_aDeitel, Harvey M., _d1945- _917972 |
|
| 700 | 1 |
_aDeitel, Harvey M., _d1945- _tC++ how to program. _981308 |
|
| 830 | 0 |
_aHow to program series. _917973 |
|
| 900 | _bTOC | ||
| 942 |
_2ddc _cBK |
||
| 948 | 1 |
_a20070918 _bc _csds12 _dMPS |
|
| 999 |
_c31868 _d31868 |
||